| 000 | 00709nam a2200241Ia 4500 | ||
|---|---|---|---|
| 003 | OSt | ||
| 005 | 20221005090734.0 | ||
| 006 | a|||||r|||| 00| 0 | ||
| 007 | ta | ||
| 008 | 221004b |||||||| |||| 00| 0 rus d | ||
| 024 | _a18797 | ||
| 037 |
_bGift, 04/06/2015, _cTextual |
||
| 040 |
_aCRL _cCRL _brus |
||
| 041 |
_2rus _arus |
||
| 082 | _aO142,2M60x, 111J0 | ||
| 100 |
_aChekhov Au. _9216088 |
||
| 245 | 0 | _aSea gull , uncle vanya, three sisters, cherry orchard | |
| 260 |
_aNew York _bModern Library U.S.A _c1950 |
||
| 300 |
_a296p. _ccm. |
||
| 650 | _aRUSSIAN LITERATURE | ||
| 942 |
_hO142,2M60x, 111J0 _cTEXL _2cc |
||
| 999 |
_c996291 _d996291 |
||